000 00785cam a22002537a 4500
003 CHAP
005 20220329141433.0
008 971013s r 00010 d
010 _a68109
011 _a69081
035 _a78555
040 _cCHAP
090 _aR-2261
100 0 0 _aHance, R. J.
_952491
245 0 _aRelationship between soil cultivation and pesticide performance
500 _aSobretiro de : Symposium on soils and Crop Protection Chemicals BCPC monograph 27: 65-76, 1984
590 _aBATCH-UPD
_b10
_c20130110
_lUCH01
_h0558
590 _aCONVERSION
_b10
_c20130109
_lUCH01
_h1337
650 1 4 _aPesticidas
_xEfecto en suelos.
_987554
700 0 _aCotterill, E. G.
_928586
901 _aBK
942 _cREIMP
949 _aR-2261
_bBC
_cR
_d-31429
_eTS1
_i78555
_si
999 _c68109
_d68109